<?xml version="1.0" encoding="UTF-8"?>
<record
    xmlns:xsi="http://www.w3.org/2001/XMLSchema-instance"
    xsi:schemaLocation="http://www.loc.gov/MARC21/slim http://www.loc.gov/standards/marcxml/schema/MARC21slim.xsd"
    xmlns="http://www.loc.gov/MARC21/slim">

  <leader>01126ngm a2200289 u 4500</leader>
  <controlfield tag="001">461746</controlfield>
  <controlfield tag="005">20260506082900.0</controlfield>
  <controlfield tag="007">vf|||</controlfield>
  <controlfield tag="008">990617s1969                        eng  </controlfield>
  <datafield tag="035" ind1=" " ind2=" ">
    <subfield code="a">461746</subfield>
  </datafield>
  <datafield tag="040" ind1=" " ind2=" ">
    <subfield code="c">comduadb</subfield>
  </datafield>
  <datafield tag="041" ind1=" " ind2=" ">
    <subfield code="a">eng</subfield>
  </datafield>
  <datafield tag="080" ind1=" " ind2=" ">
    <subfield code="a">POLO/</subfield>
  </datafield>
  <datafield tag="100" ind1="1" ind2="0">
    <subfield code="a">Polonsky, Abraham</subfield>
    <subfield code="4">drt</subfield>
    <subfield code="e">drt</subfield>
    <subfield code="9">325560</subfield>
  </datafield>
  <datafield tag="245" ind1="1" ind2="0">
    <subfield code="a">Tell them Willie boy is here</subfield>
  </datafield>
  <datafield tag="260" ind1=" " ind2=" ">
    <subfield code="a">Estados Unidos :</subfield>
    <subfield code="b">Universal Studios,</subfield>
    <subfield code="c">1969.</subfield>
  </datafield>
  <datafield tag="300" ind1=" " ind2=" ">
    <subfield code="a">1 videocasete (97 min.) : son., color ; 1/2 plg.</subfield>
    <subfield code="3">VHS</subfield>
  </datafield>
  <datafield tag="504" ind1=" " ind2=" ">
    <subfield code="a">Disponible tambien en beta.</subfield>
  </datafield>
  <datafield tag="520" ind1="3" ind2=" ">
    <subfield code="a">Resumen: En 1909 un indio mata accidentalmente al padre de su prometida Lola Boniface y es perseguido por el sheriff quien tiene una compleja relacion sentimental con la superintendente de la reserva india donde sucede la accion.</subfield>
  </datafield>
  <datafield tag="530" ind1=" " ind2=" ">
    <subfield code="a">Disponible tambien en beta.</subfield>
  </datafield>
  <datafield tag="650" ind1=" " ind2=" ">
    <subfield code="a">Pel&#xED;culas cinematogr&#xE1;ficas</subfield>
    <subfield code="9">35518</subfield>
  </datafield>
  <datafield tag="650" ind1=" " ind2=" ">
    <subfield code="a">Lawton&lt; Harry. Tell them Willi boy is here</subfield>
    <subfield code="9">59112</subfield>
  </datafield>
  <datafield tag="650" ind1=" " ind2=" ">
    <subfield code="a">Peliculas del oeste</subfield>
    <subfield code="9">57010</subfield>
  </datafield>
  <datafield tag="700" ind1="1" ind2="0">
    <subfield code="a">Waxman, Phillip A.</subfield>
    <subfield code="4">pro</subfield>
    <subfield code="e">pro</subfield>
    <subfield code="9">294587</subfield>
  </datafield>
  <datafield tag="787" ind1="0" ind2="8">
    <subfield code="i">T&#xED;tulo paralelo</subfield>
    <subfield code="t">El valle del fugitivo</subfield>
    <subfield code="w">461772</subfield>
  </datafield>
  <datafield tag="942" ind1=" " ind2=" ">
    <subfield code="c">BOOK</subfield>
  </datafield>
  <datafield tag="999" ind1=" " ind2=" ">
    <subfield code="c">114883</subfield>
    <subfield code="d">114883</subfield>
  </datafield>
  <datafield tag="952" ind1=" " ind2=" ">
    <subfield code="0">0</subfield>
    <subfield code="1">0</subfield>
    <subfield code="4">0</subfield>
    <subfield code="7">0</subfield>
    <subfield code="8">LEGA_LAA</subfield>
    <subfield code="a">BC</subfield>
    <subfield code="b">BC</subfield>
    <subfield code="d">1999-06-17</subfield>
    <subfield code="e">Material adquirido por donaci&#xF3;n</subfield>
    <subfield code="i">C528316</subfield>
    <subfield code="l">0</subfield>
    <subfield code="o">POLO 1969Te2</subfield>
    <subfield code="p">6-10000003319970</subfield>
    <subfield code="r">2023-04-22 00:00:00</subfield>
    <subfield code="t">2</subfield>
    <subfield code="w">2023-04-22</subfield>
    <subfield code="y">CINTA</subfield>
  </datafield>
</record>
